[Event "Challenge"]
[Site "http://www.queenalice.com/game.php?id=119962"]
[Date "2006.10.22"]
[Round "-"]
[White "Feu"]
[Black "kerllincarla"]
[Result "1-0"]
[WhiteElo "1565"]
[BlackElo "1189"]

1. e4 e6 2. d4 d6 3. Nf3 e5 4. d5 Nf6 5. Nbd2 a5 6. h3 h5 7. Be2 a4 8. a3 Be7 9.
c3 O-O 10. O-O Nh7 11. Nh2 1-0

[Event "Challenge"]
[Site "http://www.queenalice.com/game.php?id=133257"]
[Date "2006.11.24"]
[Round "-"]
[White "kerllincarla"]
[Black "edermachado"]
[Result "1-0"]
[WhiteElo "1248"]
[BlackElo "1427"]

1. e3 g6 2. d4 Nf6 3. c3 Bg7 4. Qb3 O-O 5. f4 d6 6. Bb5 Nbd7 7. Nh3 a6 8. Ba4 b5
9. Bxb5 axb5 10. Qxb5 Ba6 11. Qa5 Bd3 12. Qb4 Rb8 13. Qa4 Nb6 14. Qd1 Bc4 15. b3
Bb5 16. Na3 c5 17. Nxb5 cxd4 18. exd4 Nfd5 19. Ng5 Bf6 20. Ne4 Bh4+ 21. g3 Bxg3+
22. hxg3 1-0

[Event "AUTO-BEG-64"]
[Site "http://www.queenalice.com/game.php?id=157699"]
[Date "2007.1.22"]
[Round "1"]
[White "llanes"]
[Black "kerllincarla"]
[Result "1-0"]
[WhiteElo "1530"]
[BlackElo "1271"]

1. e4 d6 2. d4 c6 3. Nc3 d5 4. e5 h5 5. Be2 h4 6. h3 Rh6 7. Bxh6 gxh6 8. Bh5 a5
9. Qf3 Be6 10. g3 hxg3 11. Qxg3 b5 12. Qxg8 Kd7 13. Bxf7 Bxf7 14. Qxf7 b4 15.
Na4 b3 16. cxb3 Na6 17. Rc1 Rc8 18. Nc5+ Nxc5 19. dxc5 h5 20. b4 axb4 21. e6+
Kc7 22. Qf4+ Kb7 23. Qxb4+ Kc7 24. Qb6# 1-0

[Event "Challenge"]
[Site "http://www.queenalice.com/game.php?id=182975"]
[Date "2007.3.16"]
[Round "-"]
[White "magdaandreia"]
[Black "kerllincarla"]
[Result "1-0"]
[WhiteElo "1440"]
[BlackElo "1302"]

1. e4 b5 2. Bxb5 e6 3. Qf3 f5 4. exf5 Qh4 5. Qxa8 Qxf2+ 6. Kxf2 Bc5+ 7. Kf1 c6
8. Ba4 exf5 9. Qxb8 Kd8 10. Nf3 g5 11. Nxg5 Ke7 12. Qxc8 h5 13. Qa6 f4 14. b3 f3
15. Nxf3 Rh6 16. Qc8 Nf6 17. Ne5 Rg6 18. Nxg6+ Ke6 19. Nf4+ Kf5 20. d3 Bd4 21.
c3 Be5 22. g3 h4 23. d4 Bd6 24. Qh8 hxg3 25. hxg3 Ne4 26. Rh5+ Kg4 27. Qg7+ Kf3
28. Ne2 Nxg3+ 29. Nxg3 Bxg3 30. Rf5+ Ke4 31. Rg5 Bf4 32. Qe7+ Kf3 33. Qe2# 1-0

[Event "Challenge"]
[Site "http://www.queenalice.com/game.php?id=182978"]
[Date "2007.3.16"]
[Round "-"]
[White "kerllincarla"]
[Black "magdaandreia"]
[Result "0-1"]
[WhiteElo "1292"]
[BlackElo "1450"]

1. e3 e5 2. Qh5 Qe7 3. Bc4 g6 4. Qf3 e4 5. Bxf7+ Kd8 6. Qf4 g5 7. Qf5 Nh6 8. Qd5
Nxf7 9. b4 c6 10. Qd4 Rg8 11. Ba3 Bg7 12. Qc4 Bxa1 13. c3 b5 14. Qb3 Rg6 15. h4
g4 16. h5 Rf6 17. Rh4 Qe5 18. Rxg4 Qf5 19. Rg8+ Ke7 20. Rxc8 Qxf2+ 21. Kd1 Qxg1+
22. Ke2 Qxg2+ 23. Kd1 Nd6 24. Rh8 Qf1+ 25. Kc2 Nc4 26. Bc1 Qe1 27. Na3 Rf1 28.
Qb1 Nxd2 29. Qxa1 Qd1+ 30. Kb2 Rf2 31. Nc2 Nc4+ 32. Kb3 Qxc2# 0-1

[Event "Jogo do Erick Vencedor"]
[Site "http://www.queenalice.com/game.php?id=211316"]
[Date "2007.5.15"]
[Round "-"]
[White "erickplayer"]
[Black "kerllincarla"]
[Result "0-1"]
[WhiteElo "1100"]
[BlackElo "1267"]

1. e4 b5 2. Bxb5 c6 3. Ba4 Ba6 4. d3 Qa5+ 5. Bd2 Qxa4 6. Nc3 Qa5 7. Bf4 Qb6 8.
e5 Bb7 9. Na4 Qb4+ 10. c3 Qxf4 11. Qh5 Qxa4 12. Nf3 g6 13. Qh3 Na6 14. Qh4 Qc2
15. b4 Qxc3+ 16. Kf1 Qxa1+ 17. Ne1 Qxe5 18. Qg3 Qc3 19. b5 cxb5 20. h4 Bh6 21.
Rh3 Bd2 22. Qe5 Qxe5 23. Kg1 Qxe1+ 24. Kh2 Qxf2 25. Rg3 Be1 26. Rg5 Qxh4+ 27.
Kg1 Qxg5 28. Kf1 Ba5 29. Kg1 Qxg2# 0-1

[Event "Jogo do Erick Massacrador, Humil"]
[Site "http://www.queenalice.com/game.php?id=212652"]
[Date "2007.5.18"]
[Round "-"]
[White "erickplayer"]
[Black "kerllincarla"]
[Result "0-1"]
[WhiteElo "1025"]
[BlackElo "1276"]

1. d4 b5 2. Qd2 h6 3. e4 g5 4. f3 a6 5. b4 g4 6. d5 Bg7 7. Nc3 a5 8. Ba3 gxf3 9.
gxf3 axb4 10. Bxb4 Na6 11. a3 Nxb4 12. axb4 Rxa1+ 13. Nd1 h5 14. Bxb5 c6 15.
dxc6 f6 16. Qd4 h4 17. Qxa1 dxc6 18. Bc4 Qd6 19. Qa2 Qxb4+ 20. c3 Qb6 21. Bxg8
e6 22. Bxe6 Ba6 23. Bf7+ Kf8 24. Qe6 Qd8 25. Ne3 Bh6 26. Nf5 Qd2# 0-1

[Event "AUTO-BEG-102"]
[Site "http://www.queenalice.com/game.php?id=214015"]
[Date "2007.5.21"]
[Round "1"]
[White "aravindkannankara"]
[Black "kerllincarla"]
[Result "1-0"]
[WhiteElo "1304"]
[BlackElo "1282"]

1. e4 b5 2. Bxb5 Nc6 3. Nc3 a6 4. Ba4 h5 5. Nh3 h4 6. d3 e5 7. Bb3 Bc5 8. Qf3
Nf6 9. Ng5 Qe7 10. Bxf7+ Kd8 11. Nd5 Qd6 12. Bg6 Bd4 13. Nf7+ Ke8 14. Nxd6+ Kf8
15. Nxf6 Ke7 16. Nf7 d6 17. Nd5+ Kf8 18. Nh6+ Bf5 19. Qxf5# 1-0

[Event "AUTO-BEG-102"]
[Site "http://www.queenalice.com/game.php?id=214016"]
[Date "2007.5.21"]
[Round "1"]
[White "kerllincarla"]
[Black "aravindkannankara"]
[Result "0-1"]
[WhiteElo "1282"]
[BlackElo "1288"]

1. g4 d5 2. b4 Bxg4 3. h3 Bh5 4. Bb2 Nf6 5. Nf3 e6 6. c3 c5 7. Na3 cxb4 8. cxb4
Bxb4 9. Nc2 Qb6 10. Nxb4 Qxb4 11. a3 Qxb2 12. e3 Ne4 13. Qa4+ Nc6 14. Rd1 Bxf3
15. Rg1 Bxd1 16. Kxd1 Qxd2# 0-1

[Event "AUTO-BEG-102"]
[Site "http://www.queenalice.com/game.php?id=214027"]
[Date "2007.5.21"]
[Round "1"]
[White "allynne_12"]
[Black "kerllincarla"]
[Result "1-0"]
[WhiteElo "1822"]
[BlackElo "1250"]

1. e4 b5 2. Bxb5 Nc6 3. Bxc6 dxc6 4. d4 Ba6 5. c3 c5 6. Qa4+ c6 7. Qxa6 h6 8.
Qxc6+ Qd7 9. Qxa8+ Qd8 10. Qxd8+ Kxd8 11. Be3 cxd4 12. Bxd4 a5 13. Nf3 h5 14.
O-O e6 15. Ne5 Ke7 16. Bc5+ Ke8 17. Bxf8 Kxf8 18. Rd1 f6 19. Ng6+ Kf7 20. Nxh8+
Kf8 21. Rd7 Ne7 22. Rd8# 1-0

[Event "AUTO-BEG-102"]
[Site "http://www.queenalice.com/game.php?id=214028"]
[Date "2007.5.21"]
[Round "1"]
[White "kerllincarla"]
[Black "allynne_12"]
[Result "1-0"]
[WhiteElo "1248"]
[BlackElo "1325"]

1. b4 e5 2. g4 Bxb4 3. c3 Ba5 4. Ba3 d6 5. g5 Qxg5 6. c4 c5 7. Nf3 Qf6 8. h4 e4
9. Ng1 Qxa1 10. Qc2 Nf6 11. Qa4+ Nc6 12. Rh3 Qxb1+ 13. Qd1 Qxd1+ 14. Kxd1 Bxh3
15. Bxh3 O-O 16. Bb2 a6 17. Bxf6 gxf6 18. Bf5 Ne5 19. Nh3 b5 20. Bxe4 Nxc4 21.
Bxa8 Rxa8 22. Nf4 Bxd2 23. Nd5 Kg7 24. Nc7 Ra7 25. Ne8+ Kg6 26. Nxd6 Nxd6 27.
Kxd2 b4 28. f4 1-0

[Event "AUTO-BEG-102"]
[Site "http://www.queenalice.com/game.php?id=214034"]
[Date "2007.5.21"]
[Round "1"]
[White "kerllincarla"]
[Black "Feick"]
[Result "0-1"]
[WhiteElo "1267"]
[BlackElo "1246"]

1. g4 e5 2. Bg2 Nf6 3. h3 g6 4. g5 Nh5 5. a4 Nf4 6. Be4 Bc5 7. Nf3 d5 8. Bd3
Nxh3 9. Rxh3 Bxh3 10. Nxe5 Qxg5 11. Bb5+ Nc6 12. Nf3 Qg2 13. d3 Qxf2+ 14. Kd2
O-O-O 15. Ng5 Bg4 16. d4 Nxd4 17. c3 Nxb5 18. axb5 Bf5 19. c4 dxc4+ 20. Kc3 Rxd1
21. Kxc4 Rxc1+ 22. Kd5 Rd8+ 23. Ke5 Bd4# 0-1

[Event "Jogo dos Lazário"]
[Site "http://www.queenalice.com/game.php?id=227763"]
[Date "2007.6.20"]
[Round "-"]
[White "erickplayer"]
[Black "kerllincarla"]
[Result "1-0"]
[WhiteElo "1242"]
[BlackElo "1267"]

1. d4 b5 2. b4 Bb7 3. e4 Bxe4 4. f3 Bg6 5. Nh3 Na6 6. c3 Rb8 7. Na3 e6 8. Nxb5
Bf5 9. Bd3 Qh4+ 10. Nf2 c6 11. Nxa7 e5 12. Bxf5 exd4 13. Qe2+ Ne7 14. Qe5 Ra8
15. Qxd4 Nxf5 16. Qb6 Nxb4 17. cxb4 g6 18. Bb2 Rg8 19. O-O-O Qc4+ 20. Kb1 Bh6
21. Rhe1+ Ne7 22. Qb7 Rd8 23. Nc8 f5 24. Rxe7+ Kf8 25. Rdxd7 Qf1+ 26. Nd1 Qc4
27. Rxd8# 1-0